|
|
|
|
| LEADER |
00000nam0a2200000 4500 |
| 001 |
266673 |
| 005 |
20231101234024.0 |
| 035 |
|
|
|a (RuTPU)RU\TPU\book\289693
|
| 090 |
|
|
|a 266673
|
| 100 |
|
|
|a 20140714d1985 km y0rusy50 ca
|
| 101 |
0 |
|
|a rus
|
| 102 |
|
|
|a EE
|
| 105 |
|
|
|a y z 001zy
|
| 200 |
1 |
|
|a Поиски путей к свободе: проблема революции в немарксистской общественной мысли ХIХ века
|f Р. Н. Блюм
|
| 210 |
|
|
|a Таллин
|c Ээсти раамат
|d 1985
|
| 215 |
|
|
|a 240 с.
|
| 320 |
|
|
|a Библиогр.: с. 217-236
|
| 320 |
|
|
|a Указатель имен: с. 237-239
|
| 606 |
1 |
|
|a Буржуазная идеология
|x Философия
|z 19 в.-20 в.
|2 stltpush
|3 (RuTPU)RU\TPU\subj\30423
|9 53533
|
| 610 |
1 |
|
|a общественная мысль
|
| 610 |
1 |
|
|a немарксистские концепции
|
| 610 |
1 |
|
|a история
|
| 610 |
1 |
|
|a 19 век
|
| 610 |
1 |
|
|a революция
|
| 610 |
1 |
|
|a революционная мысль
|
| 610 |
1 |
|
|a теория
|
| 610 |
1 |
|
|a анархизм
|
| 610 |
1 |
|
|a социальные идеи
|
| 610 |
1 |
|
|a Россия
|
| 610 |
1 |
|
|a народничество
|
| 686 |
|
|
|a Ю3(0)6
|v LBC/SL-A
|2 rubbk
|
| 700 |
|
1 |
|a Блюм
|b Р. Н.
|g Рэм Наумович
|
| 801 |
|
1 |
|a RU
|b 63413507
|c 20140714
|
| 801 |
|
2 |
|a RU
|b 63413507
|c 20170217
|g RCR
|
| 942 |
|
|
|c BK
|